| 000 | 00631nam a2200193 4500 | ||
|---|---|---|---|
| 008 | 160322b xxu||||| |||| 00| 0 eng d | ||
| 020 | _a9780073406107 | ||
| 082 |
_22010 _aDC 512 _bM61 |
||
| 100 |
_94266 _aMiller, Julie |
||
| 245 |
_aIntermediate algebra/ _cJulie Miller, Molly O'Neill and Nancy Hyde. |
||
| 250 | _aSecond Edition | ||
| 260 |
_aBoston: _bMcGraw-Hill, _c©2010. |
||
| 300 |
_axxvii, 797 pages: _bcolor illustrations; _c27 cm. |
||
| 500 | _aIncludes appendices and indexes. | ||
| 650 | 0 |
_94268 _aAlgebra |
|
| 700 |
_94269 _aO'Neill, Molly _eCo-author |
||
| 700 |
_94270 _aHyde, Nancy _eCo-author |
||
| 942 |
_2ddc _cDC |
||
| 999 |
_c1410 _d1410 |
||